Cẩm nang kỹ thuật nuôi thủy sản nước lợ
Sách là cuốn cẩm nang kỹ thuật cho người thủy sản nói chung và nuôi thủy sản nước lợ nói riêng.
Kaydedildi:
| Yazar: | |
|---|---|
| Materyal Türü: | Kitap |
| Dil: | Undetermined |
| Baskı/Yayın Bilgisi: |
Hà Nội
Nông nghiệp
1994
|
| Konular: | |
| Etiketler: |
Etiketle
Etiket eklenmemiş, İlk siz ekleyin!
|
| Thư viện lưu trữ: | Trung tâm Học liệu Trường Đại học Cần Thơ |
|---|
| LEADER | 00766nam a2200193Ia 4500 | ||
|---|---|---|---|
| 001 | CTU_38472 | ||
| 008 | 210402s9999 xx 000 0 und d | ||
| 082 | |a 639.3 | ||
| 082 | |b T502 | ||
| 100 | |a Nguyễn, Anh Tuấn | ||
| 245 | 0 | |a Cẩm nang kỹ thuật nuôi thủy sản nước lợ | |
| 245 | 0 | |c Nguyễn Anh Tuấn, Nguyễn Thanh Phương | |
| 260 | |a Hà Nội | ||
| 260 | |b Nông nghiệp | ||
| 260 | |c 1994 | ||
| 520 | |a Sách là cuốn cẩm nang kỹ thuật cho người thủy sản nói chung và nuôi thủy sản nước lợ nói riêng. | ||
| 650 | |a Aquaculture,Fish culture | ||
| 904 | |i Nguyễn Quang Điền, Giang sửa | ||
| 980 | |a Trung tâm Học liệu Trường Đại học Cần Thơ | ||